00397 2200145 4500001002100000005001500021035002000036245007200056100002700128300002500155260003700180082000800217084001400225990001200239INLIS00000000000310120251001094544 a0010-10250000051 aDialog Tentang Diri ( Antologi Puisi ) /cKomunitas Menulis Buku#540 aKomunitas Menulis Buku a88 hlm ;c14 x 21 cm aCirebon :bLitera Pustaka,c2022 a811 a811 KOM d a0755525